000 00631nam a2200229Ia 4500
003 OSt
005 20220928102050.0
006 a|||||r|||| 00| 0
007 ta
008 220927b |||||||| |||| 00| 0 eng d
024 _a45780
037 _cTextual
040 _aSDCL
_cSDCL
_beng
041 _2eng
_aeng
082 _aO152,1M84:g, M9
100 _aSaxena Rajeshwar
_9396341
245 0 _aKaavya ke jeevandaaye dwand aur Ramchandra Shukl.
260 _aJaipur
_bShyam Parkashan
_c1989
300 _a139p.
_ccm.
942 _hO152,1M84:g, M9
_cTEXL
_2CC
999 _c712057
_d712057